000 00515nam a2200181Ia 4500
005 20250326123731.0
008 250326s9999 xx 000 0 und d
037 _aTextbook
040 _aFMSL
_beng
_cFMSL
041 _aeng
_2eng
084 _aX:89Q8 P5
_qFMSL
100 _aMandal S K
_9735935
245 0 _aTotal quality management: principles and practice
_cMandal S K
260 _aNew Delhi
_bNew Delhi, Vikas
_c2005
300 _a412p
942 _cTB
_hX:89Q8 P5
999 _c1270719
_d1270719